ბათუმის შოთა რუსთაველის სახელმწიფო უნივერსიტეტის ბიბლიოთეკა

ქართული ენის გრამატიკა ნაწ. 1 : (ბიბ.ჩანაწერი № 54651)

000 -ლიდერი
ფიქსირებული სიგრძის საკონტროლო ველი 01304nam a2200277Ia 4500
001 - საკონტროლო ნომერი
საკონტროლო ველი 21718
003 - საკონტროლო ნომრის იდენტიფიკატორი
საკონტროლო ველი GE_BSU
005 - ბოლო ოპერაციის თარიღი და დრო
საკონტროლო ველი 20211221161506.0
008 - ფიქსირებული სიგრძის მონაცემთა ელემენტები - ზოგადი ინფორმაცია
ფიქსირებული სიგრძის საკონტროლო ველი 181216s1955||||ge |||||||||||||| ||geo||
040 ## - კატალოგიზაციის წყარო
Transcribing agency GE_BSU
041 ## - ენის კოდი
Language code of text/sound track or separate title geo
080 ## - უნივერსალური ათობითი კლასიფიკაციის ინდექსი
Universal Decimal Classification number 811.353.1-8(075.3) შ-21
100 ## - მთავარი ჩანაწერი - პიროვნების სახელი
Personal name შანიძე, ა.
9 (RLIN) 13329
245 ## - ცნობა სათაურის შესახებ
Title ქართული ენის გრამატიკა ნაწ. 1 :
Remainder of title მორფოლოგია /
Statement of responsibility, etc ა. შანიძე ; რედ. ჭ. თევზაძე.
264 ## - წარმოების, გამოცემის, დისტრიბუციის და სხვა ცნობები
გამოცემის, წარმოების, დისტრიბუციის... ადგილი თბილისი :
გამოცემის, წარმოების, დისტრიბუციის... სახელწოდება სტალინის სახ. თბილისის სახელმწ. უნ-ტის გამ-ბა,
გამოცემის, წარმოების, დისტრიბუციის... თარიღი 1955.
300 ## - ფიზიკური აღწერა
Extent 329 გვ. ;
Dimensions 24 სმ.
440 ## - სერიის ცნობა / დამატებულია ჩანაწერი - სათაური
Title ძველი ქართული ენის კათედრის შრომები
9 (RLIN) 13330
Volume number/sequential designation 2
501 ## - შენიშვნა თანმხლებ მასალაზე
With note პარალელური სათაური რუსულ ენაზე
520 ## - SUMMARY, ETC.
Summary, etc პარალ. სათ. რუს. ენ.
653 ## - INDEX TERM--UNCONTROLLED
Uncontrolled term მორფოლოგია
653 ## - INDEX TERM--UNCONTROLLED
Uncontrolled term ქართული ენა
653 ## - INDEX TERM--UNCONTROLLED
Uncontrolled term ქართული ენის გრამატიკა
700 ## - ADDED ENTRY--PERSONAL NAME
Personal name თევზაძე, ჭ.
Relator term რედაქტორი
9 (RLIN) 13331
942 ## - ADDED ENTRY ELEMENTS (KOHA)
Koha item type წიგნი
Source of classification or shelving scheme
ეგზემპლარები
ჩამოწერის სტატუსი დაკარგული ეგზემპლარის სტატუსი კლასიფიკაციის წყარო ან თაროზე გაწყობის სქემა დაზიანების სტატუსი არ გაიცემა მუდმივი მდებარეობა (დაცვის ადგილი) ამჟამინდელი ადგილსამყოფელი თაროზე განთავსების ადგილი შეძენის თარიღი ღირებულება, შესყიდვის ნორმალური ფასი სრული შენახვის შიფრი შტრიხკოდი ბოლო ოპერაციის თარიღი ეგზემპლარის მიმდევრობითი ნომერი (კეტერი?) ფასის ძალაში შესვლის თარიღი ეგზემპლარის სახეობა საჯარო შენიშვნა
          ბათუმის შოთა რუსთაველის სახელმწიფო უნივერსიტეტის მთავარი ბიბლიოთეკა ბათუმის შოთა რუსთაველის სახელმწიფო უნივერსიტეტის მთავარი ბიბლიოთეკა წიგნსაცავი 2018-12-17 3.00 811.353.1-8(075.3) შ-21 55902 2018-12-17 55902 2018-12-17 წიგნი 3.00 ₾.
          ბათუმის შოთა რუსთაველის სახელმწიფო უნივერსიტეტის მთავარი ბიბლიოთეკა ბათუმის შოთა რუსთაველის სახელმწიფო უნივერსიტეტის მთავარი ბიბლიოთეკა წიგნსაცავი 2018-12-17 3.00 811.353.1-8(075.3) შ-21 55912 2018-12-17 55912 2018-12-17 წიგნი 3.00 ₾.